Dopasuj mocz - Statystyki

Ogólne statystyki
  • Ten quiz został rozwiązany 11 razy
  • Średni wynik to 4 z 13
Statystyki odpowiedzi
Hint Odpowiedź % Poprawnych
przezroczysty za dużo wody
73%
różowy krew
55%
magenta nie istnieje
55%
przezroczysty żółty normalny
55%
słomkowy normalny
36%
zielony rzadka choroba genetyczna
36%
brązowy problemy z wątrobą
27%
niebieski rzadka choroba genetyczna
27%
bursztynowy za mało wody
27%
ultrafioletowy nie istnieje
18%
ciemnożółty lekko za mało wody
9%
purpurowy nie istnieje
9%
pomarańczowy skrajnie za mało wody
9%
Nie znaleziono quizów pasujących do podanych kryteriów
Rozkład punktacji
Procent ludzi z każdym wynikiem
Percentyl według liczby udzielonych odpowiedzi
Twoja historia wyników
Nie rozwiązałeś tego quizu